| 000 | 01426nam a2200325 i 4500 | ||
|---|---|---|---|
| 999 |
_c65601 _d65601 |
||
| 001 | 768714001 | ||
| 003 | CO-MdFUSB | ||
| 005 | 20200901135406.0 | ||
| 007 | ta | ||
| 008 | 200331t1997 mau |||| |||| 00| 0 eng d | ||
| 020 | _a 9781565630529 | ||
| 040 |
_aCO-MdFUSB _bspa _cCO-MdFUSB _dCO-MdFUSBC _erda |
||
| 041 | _aeng | ||
| 082 |
_223 _a220.12 _bM478 |
||
| 100 |
_aMcDonald, Lee Martin. _eautor |
||
| 245 | 4 |
_a The formation of the christian biblical canon. _c/ Lee M. McDonald |
|
| 264 | 1 |
_amassachusetts : _bHendrickson Publishers, _c[1997] |
|
| 264 | 4 | _c© 1997 | |
| 300 |
_a340 páginas _c; 23 cm |
||
| 336 |
_2rdacontent _atexto _btxt |
||
| 337 |
_2rdamedia _asin mediación _bn |
||
| 338 |
_2rdacarrier _avolumen _bnc |
||
| 500 | _aColección Dawn Christina Harrell | ||
| 505 | _aParte I Orígenes del canon cristiano del Antiguo Testamento - Parte II Orígenes del canon del Nuevo Testamento - Apéndice II Los escritos del judaísmo rabínico - Apéndice III Los apóerifas y pseudoepígrafos y el problema del seudonimato - Apéndice IV Los agrafa ( Dichos no canónicos de Jesús) 293 - Apéndice V La Biblia como canon - Enfoque canónico de Brevard Childs 299 - Apéndice VI Un resumen de la investigación canónica - Fuentes principales y preguntas 310. | ||
| 563 | _aRústico | ||
| 630 | 0 | 7 |
_aBiblia _xCanon |
| 942 | _cBK | ||
| 945 | _aColección Dawn Christina Harrell | ||